Statistics for The Real Von Trapps 1

Click here to take the quiz!

General Stats

  • This quiz has been taken 9 times
  • The average score is 4 of 7

Answer Stats

Answer% Correct
Maria
100%
Agathe
50%
Hedwig
50%
Johanna
50%
Martina
50%
Rupert
50%
Werner
33%

Score Distribution

Percentile by Number Answered

Percent of People with Each Score

Your Score History

You have not taken this quiz